Vengeance is mine, all others pay cash / (Record no. 151937)
[ view plain ]
| 000 -LEADER | |
|---|---|
| fixed length control field | 00620nam a22002057a 4500 |
| 005 - DATE AND TIME OF LATEST TRANSACTION | |
| control field | 20180524123536.0 |
| 010 ## - LCCN (DPL NO) | |
| LC control number | ENG-123004 |
| 020 ## - INTERNATIONAL STANDARD BOOK NUMBER | |
| Terms of availability | 350.00 |
| International Standard Book Number | 9789386582775 |
| 035 ## - SYSTEM CONTROL NUMBER | |
| System control number | EN-106536 |
| 037 ## - SOURCE OF ACQUISITION | |
| Source of stock number/acquisition | DBAD/PUB. |
| 082 ## - DEWEY DECIMAL CLASSIFICATION NUMBER | |
| Classification number | N |
| 100 ## - MAIN ENTRY--PERSONAL NAME | |
| Personal name | Kurniawan, Eka |
| 245 ## - TITLE STATEMENT | |
| Title | Vengeance is mine, all others pay cash / |
| Statement of responsibility, etc | by Eka Kurniawan ; translated by Annie Tucker |
| 260 ## - PUBLICATION, DISTRIBUTION, ETC. (IMPRINT) | |
| Place of publication, distribution, etc | New Delhi |
| Name of publisher, distributor, etc | Speaking Tiger |
| Date of publication, distribution, etc | 2017 |
| 270 ## - ADDRESS | |
| Address | 4381/4, Ansari Road, Daryaganj |
| City | New Delhi |
| Postal code | 110002 |
| 300 ## - PHYSICAL DESCRIPTION | |
| Extent | 209p. |
| Other physical details | 21cm(pbk) |
| 490 ## - SERIES STATEMENT | |
| Series statement | Speaking Tiger International Fiction |
| 700 ## - ADDED ENTRY--PERSONAL NAME | |
| Personal name | Annie Tucker |
| 942 ## - ADDED ENTRY ELEMENTS (KOHA) | |
| Source of classification or shelving scheme | Dewey Decimal Classification |
| Item type | English Books |
| Classification part | N |
| Call number suffix | KUR |
| Withdrawn status | Lost status | Not for loan | Collection code | Home library | Current library | Date acquired | Cost, normal purchase price | Full call number | Barcode | Copy number | Cost, replacement price | Koha item type |
|---|---|---|---|---|---|---|---|---|---|---|---|---|
| Not For Loan | Non-fiction | D.B.Act.Division | Central Library | 08/05/2018 | 350.00 | N KUR | EN-106536 | 1 | 350.00 | English Books |
